[Event "Ct. Catalunya eq. DH"]
[Site "?"]
[Date "2011.03.12"]
[Round "7.10"]
[White "Porta Tovar, G."]
[Black "Shatko, D."]
[Result "0-1"]
[WhiteElo "1613"]
[BlackElo "2049"]
[PlyCount "126"]
[EventDate "2011.??.??"]
[EventType "team"]

1. e4 e6 2. d4 d5 3. exd5 Qxd5 4. Nf3 Nf6 5. Bd3 c5 6. Nc3 Qd8 7. dxc5 Bxc5 8.
O-O O-O 9. Bg5 Nbd7 10. Ne4 Be7 11. Bf4 Nxe4 12. Bxe4 Nf6 13. Qe2 Qb6 14. Rab1
Bd7 15. Rfd1 Nxe4 16. Qxe4 Bc6 17. Qe2 Rad8 18. Be5 Qa5 19. a3 Bxf3 20. gxf3
Rxd1+ 21. Rxd1 Rd8 22. Rxd8+ Qxd8 23. Qb5 Qd5 24. Qe8+ Bf8 25. Bc3 a5 26. Kg2
b6 27. Qb8 Qd6 28. Qa8 Qd5 29. Qxd5 exd5 30. Kf1 f6 31. Ke2 Kf7 32. Bd4 b5 33.
Bb6 a4 34. Kd3 Ke6 35. Kd4 Bd6 36. h3 Be5+ 37. Kc5 Bxb2 38. Kxb5 Bxa3 39. Kxa4
Bd6 40. Kb3 Kf5 41. Be3 h5 42. Kc3 Be5+ 43. Kd3 g5 44. c3 Ke6 45. Kd2 Bc7 46.
Kd3 Bd8 47. Kd4 f5 48. c4 Bf6+ 49. Kc5 dxc4 50. Kxc4 g4 51. hxg4 h4 52. g5 h3
53. gxf6 h2 54. Kd3 h1=Q 55. Ke2 Kxf6 56. Bd2 Ke5 57. Bc3+ Kd5 58. Bd2 Kc4 59.
Be3 Kc3 60. Bd2+ Kc2 61. Ke3 Qd1 62. Ba5 Qc1+ 63. Kd4 Qa1+ 0-1

[Event "Ct. Catalunya eq. DH"]
[Site "?"]
[Date "2011.03.19"]
[Round "8.1"]
[White "Hernando Rodrigo, JA."]
[Black "Quesada Perez, Y."]
[Result "0-1"]
[WhiteElo "2386"]
[BlackElo "2586"]
[PlyCount "67"]
[EventDate "2011.??.??"]
[EventType "team"]

1. d4 Nf6 2. c4 e6 3. Nf3 b6 4. a3 Ba6 5. Qc2 Bb7 6. Nc3 c5 7. d5 exd5 8. cxd5
Nxd5 9. e4 Nxc3 10. Qxc3 Qf6 11. e5 Qg6 12. Ng5 Be7 13. Bd3 f5 14. exf6 Qxf6
15. Nxh7 Qe6+ 16. Be3 Be4 17. Bxe4 Qxe4 18. Ng5 Qxg2 19. O-O-O Bxg5 20. Rhg1
Bf6 21. Rxg2 Bxc3 22. bxc3 Rh7 23. Bg5 Nc6 24. f4 Rh3 25. Kc2 Rc8 26. Re2+ Kf8
27. Rxd7 Re8 28. Rxe8+ Kxe8 29. Rxg7 c4 30. Rc7 Rxh2+ 31. Kd1 Na5 32. Rxa7 Rh3
33. Ke2 Rxc3 34. f5 0-1

[Event "Ct. Catalunya eq. DH"]
[Site "?"]
[Date "2011.03.19"]
[Round "8.1"]
[White "Magem Badals, J."]
[Black "Alvarez Pedraza, A."]
[Result "1-0"]
[WhiteElo "2573"]
[BlackElo "2483"]
[PlyCount "129"]
[EventDate "2011.??.??"]
[EventType "team"]

1. e4 c6 2. d4 d5 3. e5 Bf5 4. h4 h5 5. Bg5 Qb6 6. Bd3 Bxd3 7. Qxd3 e6 8. Nd2
Ne7 9. Bxe7 Bxe7 10. Ngf3 c5 11. c4 Nc6 12. cxd5 Nb4 13. Qb3 Qa6 14. dxe6 Nd3+
15. Kf1 Nxe5+ 16. Kg1 Nxf3+ 17. Nxf3 O-O-O 18. exf7 cxd4 19. g3 Qb6 20. Qxb6
axb6 21. Rc1+ Kb8 22. Ne5 Bd6 23. Nd3 Rhf8 24. Rc4 Rxf7 25. Kg2 Bf8 26. Re1 Re7
27. Rcc1 Rd6 28. Rxe7 Bxe7 29. Kf3 Bf6 30. Rc2 g6 31. Nf4 Be5 32. Nd3 Bf6 33.
Ke4 Re6+ 34. Kf3 Rd6 35. Nf4 Be5 36. Re2 Bxf4 37. Kxf4 Kc7 38. Rc2+ Kd7 39. Ke4
Ke6 40. Rd2 Rc6 41. Rxd4 b5 42. f3 Rc5 43. Kf4 Rf5+ 44. Ke3 Rc5 45. g4 hxg4 46.
fxg4 Rc2 47. Rb4 Rc5 48. Kf4 Kf6 49. Rd4 Rc2 50. Rd6+ Kg7 51. Rb6 Rxb2 52. Kg5
Rd2 53. Rxb7+ Kg8 54. Kxg6 Rd6+ 55. Kh5 Rd5+ 56. g5 Rd2 57. Rxb5 Rxa2 58. g6
Kg7 59. Kg5 Kh8 60. h5 Ra8 61. h6 Rg8 62. Rf5 Ra8 63. Rf8+ Rxf8 64. g7+ Kh7 65.
gxf8=N+ 1-0

[Event "Ct. Catalunya eq. DH"]
[Site "?"]
[Date "2011.03.19"]
[Round "8.1"]
[White "Muñoz Pantoja, M."]
[Black "Narciso Dublan, M."]
[Result "1/2-1/2"]
[WhiteElo "2533"]
[BlackElo "2570"]
[PlyCount "51"]
[EventDate "2011.??.??"]
[EventType "team"]

1. e4 c6 2. Nc3 d5 3. d4 dxe4 4. Nxe4 Bf5 5. Ng3 Bg6 6. Nf3 Nd7 7. Bd3 e6 8. c3
Ngf6 9. Bg5 Qc7 10. Qe2 Bxd3 11. Qxd3 h6 12. Bd2 g6 13. O-O-O Bg7 14. Kb1 O-O-O
15. Qe2 Ne8 16. c4 Nd6 17. Bc3 Nf5 18. Ne4 Kb8 19. Rd2 e5 20. dxe5 Nxe5 21.
Rhd1 Nxf3 22. Qxf3 Rxd2 23. Bxd2 Nd4 24. Qg3 Qxg3 25. hxg3 Ne6 26. Be3 1/2-1/2

[Event "Ct. Catalunya eq. DH"]
[Site "?"]
[Date "2011.03.19"]
[Round "8.2"]
[White "Cuartas Medina, JA."]
[Black "Pablo Mari, A."]
[Result "1-0"]
[WhiteElo "2547"]
[BlackElo "2458"]
[PlyCount "59"]
[EventDate "2011.??.??"]
[EventType "team"]

1. e4 e6 2. d4 d5 3. Nc3 Bb4 4. e5 b6 5. a3 Bf8 6. Bb5+ c6 7. Ba4 a5 8. Nce2
Ba6 9. Nf3 Bb5 10. Bxb5 cxb5 11. Qd3 Qd7 12. O-O Nc6 13. Bd2 Nge7 14. Nc3 Na7
15. a4 b4 16. Ne2 Nec6 17. Nf4 h5 18. c4 dxc4 19. Qxc4 Rc8 20. Qa6 Be7 21. d5
exd5 22. Qd3 g5 23. e6 Qd6 24. exf7+ Kxf7 25. Qf5+ Ke8 26. Ng6 Rg8 27. Nxe7
Nxe7 28. Rfe1 Rg7 29. Bxg5 Rc5 30. Bxe7 1-0

[Event "Ct. Catalunya eq. DH"]
[Site "?"]
[Date "2011.03.19"]
[Round "8.2"]
[White "Matnadze, A."]
[Black "Moreno Sanchis, A."]
[Result "1-0"]
[WhiteElo "2452"]
[BlackElo "2372"]
[PlyCount "99"]
[EventDate "2011.??.??"]
[EventType "team"]

1. d4 d5 2. g3 c6 3. Bg2 Bg4 4. h3 Bh5 5. Nf3 Nd7 6. O-O e6 7. c4 Bd6 8. Nc3
Ngf6 9. Qb3 Rb8 10. Nd2 O-O 11. e4 dxe4 12. Ndxe4 Bc7 13. Be3 Bg6 14. Nxf6+
Nxf6 15. Rad1 Bb6 16. Qa3 a6 17. Rd2 Re8 18. Rfd1 Qe7 19. Qb3 Ba5 20. Bf4 Rbd8
21. Re2 Qb4 22. Qxb4 Bxb4 23. a3 Bd6 24. Bxd6 Rxd6 25. Red2 Red8 26. f4 h5 27.
b4 Bf5 28. Kf2 Kf8 29. Ke3 Ke7 30. a4 Ra8 31. a5 Kd8 32. Ra1 Kc7 33. Rc1 Bg6
34. Na4 Re8 35. Nb6 Rdd8 36. Re1 Nd7 37. Nxd7 Rxd7 38. g4 Red8 39. Bf3 hxg4 40.
hxg4 f6 41. Rc1 Bf7 42. b5 axb5 43. cxb5 Rd6 44. a6 bxa6 45. Bxc6 Kb6 46. bxa6
Rxc6 47. Rb2+ Kc7 48. Rb7+ Kd6 49. Rxc6+ Kxc6 50. Rxf7 1-0

[Event "Ct. Catalunya eq. DH"]
[Site "?"]
[Date "2011.03.19"]
[Round "8.2"]
[White "Panelo Muñoz, MA."]
[Black "Granados Gomez, M."]
[Result "1-0"]
[WhiteElo "2435"]
[BlackElo "2387"]
[PlyCount "64"]
[EventDate "2011.??.??"]
[EventType "team"]

1. d4 d5 2. c4 c6 3. Nf3 Nf6 4. Nc3 dxc4 5. a4 Bf5 6. Ne5 Nbd7 7. Nxc4 Nd5 8.
g3 e5 9. dxe5 Nc5 10. Nxd5 cxd5 11. Nd6+ Bxd6 12. exd6 Qb6 13. Bg2 Rc8 14. O-O
Nb3 15. e4 Bd7 16. exd5 O-O 17. Be3 Qb4 18. Ra3 Na5 19. Bd4 Qxd6 20. Rc3 b6 21.
h4 Rfe8 22. Rxc8 Rxc8 23. Bc3 Nb7 24. Re1 f6 25. h5 h6 26. Bd2 a5 27. Bf4 Qb4
28. b3 Bg4 29. Qb1 Bxh5 30. Re4 Qa3 31. Re6 Qb4 32. Qf5 Bf7 1-0

[Event "Ct. Catalunya eq. DH"]
[Site "?"]
[Date "2011.03.19"]
[Round "8.2"]
[White "Pozo Vera, S."]
[Black "Almeida Quintana, O."]
[Result "1-0"]
[WhiteElo "2509"]
[BlackElo "2576"]
[PlyCount "77"]
[EventDate "2011.??.??"]
[EventType "team"]

1. d4 g6 2. c4 Bg7 3. Nf3 d6 4. g3 Nf6 5. Bg2 O-O 6. O-O c6 7. Nc3 Qa5 8. e4 e5
9. h3 Nbd7 10. Re1 exd4 11. Nxd4 Ne5 12. Bf1 Be6 13. f4 Nxc4 14. Nxe6 fxe6 15.
Kg2 d5 16. e5 Ne8 17. Bxc4 dxc4 18. Qd4 b5 19. Qd7 Nc7 20. Qxc6 Qb6 21. Qxb6
axb6 22. Rd1 b4 23. Ne4 Rfd8 24. Rxd8+ Rxd8 25. Nd6 b5 26. Bd2 Bf8 27. Bxb4 Na6
28. Ba5 Ra8 29. Nxb5 Nc5 30. Bc3 Nd3 31. Rd1 Rxa2 32. Kf3 Nc5 33. Rd4 Na4 34.
Rxc4 Nxb2 35. Rc8 Kf7 36. Nd6+ Kg7 37. Rc7+ Kg8 38. Ne4 Bg7 39. Rc8+ 1-0

[Event "Ct. Catalunya eq. DH"]
[Site "?"]
[Date "2011.03.19"]
[Round "8.3"]
[White "Lopez Martinez, JM."]
[Black "Gonzalez Rodriguez, JA."]
[Result "1/2-1/2"]
[WhiteElo "2528"]
[BlackElo "2418"]
[PlyCount "132"]
[EventDate "2011.??.??"]
[EventType "team"]

1. e4 e6 2. d4 d5 3. Nc3 Bb4 4. e5 b6 5. a3 Bf8 6. Bb5+ c6 7. Ba4 Bd7 8. Nf3 c5
9. Bb3 Ne7 10. Ne2 Bb5 11. c3 Nbc6 12. O-O Qd7 13. Re1 a5 14. Ng3 a4 15. Bc2
Na5 16. Nh5 h6 17. Bf4 Nc4 18. Rb1 Nc6 19. dxc5 bxc5 20. Nd2 N6a5 21. Nxc4 Nxc4
22. Bg3 O-O-O 23. Bh4 g5 24. Bg3 Be7 25. h3 Bc6 26. Qe2 Kb8 27. Bd3 Na5 28. Nf6
Qb7 29. Qh5 Bxf6 30. exf6+ Ka8 31. Bf1 Nb3 32. Rbd1 Rd7 33. Re5 Rdd8 34. h4 d4
35. cxd4 cxd4 36. hxg5 hxg5 37. Qxg5 Rdg8 38. Qf4 Qb6 39. Rg5 Rd8 40. Qc7 Qxc7
41. Bxc7 Rd7 42. Bf4 Kb7 43. Bc4 Kb6 44. Bxb3 axb3 45. Rd3 Ba4 46. Bd2 Rc8 47.
Ba5+ Kb7 48. Bb4 Rc1+ 49. Kh2 Rc2 50. Ra5 Bc6 51. Rxb3 Bd5 52. Rd3 Rxf2 53.
Rxd4 Rxg2+ 54. Kh3 Rxb2 55. Bc5 Kc6 56. Rb4 Rxb4 57. axb4 e5 58. Ra6+ Kb5 59.
Rd6 Be6+ 60. Kg3 Rc7 61. Rb6+ Ka4 62. Ra6+ Kb5 63. Rb6+ Ka4 64. Ra6+ Kb5 65.
Rb6+ Ka4 66. Ra6+ Kb5 1/2-1/2

[Event "Ct. Catalunya eq. DH"]
[Site "?"]
[Date "2011.03.19"]
[Round "8.3"]
[White "Minguez Rodriguez, R."]
[Black "Grafl, F."]
[Result "1/2-1/2"]
[WhiteElo "2305"]
[BlackElo "2419"]
[PlyCount "46"]
[EventDate "2011.??.??"]
[EventType "team"]

1. e4 d5 2. exd5 Qxd5 3. Nc3 Qd6 4. d4 Nf6 5. Nf3 a6 6. g3 Bg4 7. Bg2 e6 8. O-O
Nbd7 9. h3 Bh5 10. Bf4 Qb6 11. d5 O-O-O 12. dxe6 Nc5 13. Qc1 Nxe6 14. Be3 Bc5
15. Na4 Qc6 16. Nxc5 Bxf3 17. Bxf3 Qxf3 18. Nxe6 fxe6 19. Bg5 Ne4 20. Bxd8 Nxg3
21. fxg3 Qxg3+ 22. Kh1 Qxh3+ 23. Kg1 Qg3+ 1/2-1/2

[Event "Ct. Catalunya eq. DH"]
[Site "?"]
[Date "2011.03.19"]
[Round "8.3"]
[White "Pomes Marcet, J."]
[Black "Cornette, M."]
[Result "0-1"]
[WhiteElo "2422"]
[BlackElo "2566"]
[PlyCount "104"]
[EventDate "2011.??.??"]
[EventType "team"]

1. d4 Nf6 2. c4 e6 3. Nc3 Bb4 4. e3 b6 5. Nge2 Ba6 6. a3 Be7 7. Nf4 d5 8. cxd5
Bxf1 9. dxe6 Ba6 10. exf7+ Kxf7 11. e4 Bc4 12. e5 Nc6 13. Be3 Re8 14. b3 Ba6
15. exf6 Bxf6 16. Qh5+ Kg8 17. Qd5+ Qxd5 18. Ncxd5 Bxd4 19. O-O-O Bxe3+ 20.
Nxe3 Ne5 21. Rd2 Rf8 22. Ne6 Rf6 23. Nxc7 Rc8 24. Ned5 Rf7 25. Rhd1 Rcxc7+ 26.
Nxc7 Rxc7+ 27. Kb2 g5 28. f3 h6 29. a4 Re7 30. Rd6 Kg7 31. a5 Be2 32. R1d2 bxa5
33. Rxe2 Nd3+ 34. Rxd3 Rxe2+ 35. Kc3 Rxg2 36. Rd7+ Kg6 37. Rxa7 Rxh2 38. Ra6+
Kf5 39. Rxa5+ Kf4 40. b4 Kxf3 41. b5 Re2 42. b6 Re8 43. b7 Rb8 44. Rf5+ Ke3 45.
Rf7 g4 46. Re7+ Kf2 47. Rf7+ Kg2 48. Kd2 h5 49. Ke3 g3 50. Rc7 h4 51. Kf4 Kh2
52. Kf3 g2 0-1

[Event "Ct. Catalunya eq. DH"]
[Site "?"]
[Date "2011.03.19"]
[Round "8.4"]
[White "Alonso Moyano, J."]
[Black "Gardela Batlle, J."]
[Result "1-0"]
[WhiteElo "2428"]
[BlackElo "2274"]
[PlyCount "95"]
[EventDate "2011.??.??"]
[EventType "team"]

1. e4 c5 2. Nf3 d6 3. d4 cxd4 4. Nxd4 Nf6 5. Nc3 a6 6. Bg5 e6 7. Qf3 Be7 8.
O-O-O Qc7 9. Be2 Nbd7 10. h4 Nc5 11. Nb3 Bd7 12. Nxc5 Qxc5 13. Be3 Qa5 14. g4
Bb5 15. g5 Bxe2 16. Qxe2 Nd7 17. Bd4 O-O 18. Kb1 b5 19. Qg4 Ne5 20. Bxe5 dxe5
21. h5 b4 22. Ne2 Qb6 23. g6 h6 24. gxf7+ Rxf7 25. f4 Bf6 26. f5 exf5 27. exf5
Rc8 28. Rh2 Rfc7 29. Ng3 Rc4 30. Ne4 Qc6 31. Nxf6+ Qxf6 32. Qg6 R4c6 33. Rd7
Qf8 34. Qg2 Rd6 35. Rxd6 Qxd6 36. Rh1 Rd8 37. b3 Qd4 38. f6 Rd7 39. Rg1 e4 40.
Qg6 e3 41. Qe8+ Kh7 42. f7 Rxf7 43. Qxf7 e2 44. Qg6+ Kh8 45. Rc1 Qd2 46. Qg1 a5
47. Qe1 Qe3 48. c3 1-0

[Event "Ct. Catalunya eq. DH"]
[Site "?"]
[Date "2011.03.19"]
[Round "8.4"]
[White "Baches Garcia, G."]
[Black "Alonso Rosell, A."]
[Result "1/2-1/2"]
[WhiteElo "2379"]
[BlackElo "2477"]
[PlyCount "108"]
[EventDate "2011.??.??"]
[EventType "team"]

1. e4 c6 2. d4 d5 3. e5 Bf5 4. Be3 e6 5. Nd2 Nd7 6. Be2 Qb6 7. Nb3 a5 8. a4
Bb4+ 9. c3 Be7 10. Nf3 Bg6 11. Nfd2 f6 12. Bh5 c5 13. Bxg6+ hxg6 14. exf6 gxf6
15. Qc2 Kf7 16. dxc5 Nxc5 17. c4 Rh5 18. g4 Re5 19. O-O Qb4 20. Nd4 dxc4 21.
Nxc4 Re4 22. Bd2 Rxd4 23. Bxb4 Rxg4+ 24. Kh1 axb4 25. f3 b3 26. Ne5+ Kg7 27.
Qb1 Rg5 28. Nd3 Nh6 29. Nxc5 Rxc5 30. Qe4 Nf5 31. Rg1 Rh8 32. Rg2 Bd6 33. Qxe6
Rc2 34. Qd7+ Kf8 35. Rxc2 bxc2 36. Qc8+ Kg7 37. Qxc2 Rh5 38. Rd1 Ne3 39. Qe2
Nxd1 40. Qxd1 Rxh2+ 41. Kg1 Be5 42. Qd7+ Kh6 43. b4 b6 44. Qd8 Rh4 45. Qd5 Bc3
46. Kf1 Rxb4 47. Qd7 Be5 48. Ke2 Rb2+ 49. Kd3 Rb4 50. Kc2 Rd4 51. Qh3+ Kg7 52.
Qe6 Kh6 53. Qh3+ Kg7 54. Qe6 Kh6 1/2-1/2

[Event "Ct. Catalunya eq. DH"]
[Site "?"]
[Date "2011.03.19"]
[Round "8.4"]
[White "Lariño Nieto, D."]
[Black "Canal Oliveras, J."]
[Result "1-0"]
[WhiteElo "2508"]
[BlackElo "2318"]
[PlyCount "59"]
[EventDate "2011.??.??"]
[EventType "team"]

1. b3 e5 2. Bb2 Nc6 3. e3 d5 4. Bb5 Bd6 5. Nf3 Qe7 6. d4 e4 7. Ne5 Qg5 8. g3
Nge7 9. h4 Qf5 10. c4 O-O 11. Nxc6 bxc6 12. Ba4 dxc4 13. bxc4 Rd8 14. Bc3 Qg6
15. Qc2 c5 16. h5 Qf5 17. Nd2 cxd4 18. Bxd4 Bb4 19. O-O-O Rb8 20. Nb3 Ba3+ 21.
Kb1 c5 22. Bxc5 Rd3 23. Bxa3 Qa5 24. Bxe7 Qxa4 25. Rxd3 exd3 26. Qxd3 Be6 27.
Rc1 f6 28. h6 Kf7 29. Bd6 Rb7 30. Qxh7 1-0

[Event "Ct. Catalunya eq. DH"]
[Site "?"]
[Date "2011.03.19"]
[Round "8.4"]
[White "Obon Temprano, S."]
[Black "Sanchez Ibern, M."]
[Result "1/2-1/2"]
[WhiteElo "2264"]
[BlackElo "2298"]
[PlyCount "59"]
[EventDate "2011.??.??"]
[EventType "team"]

1. e4 c5 2. Nf3 d6 3. d4 Nf6 4. Nc3 cxd4 5. Qxd4 Bd7 6. Bg5 Nc6 7. Qe3 Rc8 8.
h3 h6 9. Bf4 g5 10. Bh2 g4 11. Nd4 Nxd4 12. Qxd4 Bg7 13. e5 Qa5 14. Bd3 gxh3
15. exf6 hxg2 16. fxg7 gxh1=Q+ 17. Kd2 Rg8 18. Rxh1 Qg5+ 19. Bf4 Qxg7 20. Qxg7
Rxg7 21. Rxh6 Bc6 22. Nb5 Bxb5 23. Rh8+ Kd7 24. Bxb5+ Kc7 25. Rxc8+ Kxc8 26.
Be3 b6 27. Ba6+ Kc7 28. a4 e5 29. Bd3 d5 30. c3 1/2-1/2

[Event "Ct. Catalunya eq. DH"]
[Site "?"]
[Date "2011.03.19"]
[Round "8.5"]
[White "Kalod, R."]
[Black "Trepat Herranz, J."]
[Result "0-1"]
[WhiteElo "2506"]
[BlackElo "2343"]
[PlyCount "144"]
[EventDate "2011.??.??"]
[EventType "team"]

1. e4 c6 2. d4 d5 3. exd5 cxd5 4. c4 Nf6 5. Nc3 Nc6 6. Bg5 dxc4 7. d5 Ne5 8.
Qd4 h6 9. Bf4 Ng6 10. Bg3 e6 11. d6 Ne7 12. Bxc4 Nf5 13. Bb5+ Bd7 14. Qd3 a6
15. Bxd7+ Qxd7 16. O-O-O Rd8 17. Nf3 Bxd6 18. Bxd6 Nxd6 19. Qd4 O-O 20. Qb6 Qe7
21. Ne5 Nd7 22. Qxd6 Qg5+ 23. Qd2 Qxe5 24. Kb1 b5 25. f4 Qf5+ 26. Ka1 Nb6 27.
Qxd8 Rxd8 28. Rxd8+ Kh7 29. g3 b4 30. Nb1 Nc4 31. Rc8 Qc2 32. Rxc4 Qxc4 33. Rd1
a5 34. b3 Qc2 35. Rd2 Qc1 36. a3 f6 37. Ka2 Kg6 38. Re2 Kf5 39. axb4 axb4 40.
Rd2 h5 41. Rb2 Qc6 42. Rd2 h4 43. Kb2 hxg3 44. hxg3 Qe4 45. Rc2 Qd4+ 46. Ka2
Qa7+ 47. Kb2 Qe3 48. Nd2 Qxg3 49. Rc5+ Kxf4 50. Rc4+ Kf5 51. Rxb4 Qe5+ 52. Kc2
Qe2 53. Rc4 g5 54. b4 g4 55. Rc3 e5 56. b5 Qxb5 57. Nc4 Qa4+ 58. Kd2 Kf4 59.
Ne3 Qd4+ 60. Ke2 e4 61. Rb3 f5 62. Rc3 Kg5 63. Rb3 g3 64. Ke1 Qc5 65. Nd1 Qg1+
66. Ke2 Qg2+ 67. Ke1 f4 68. Rb5+ Kg4 69. Rb2 Qg1+ 70. Kd2 e3+ 71. Kc1 f3 72.
Rb4+ Kh3 0-1

[Event "Ct. Catalunya eq. DH"]
[Site "?"]
[Date "2011.03.19"]
[Round "8.5"]
[White "Ryan, J."]
[Black "Travesset Ribera, J."]
[Result "1/2-1/2"]
[WhiteElo "2280"]
[BlackElo "2232"]
[PlyCount "87"]
[EventDate "2011.??.??"]
[EventType "team"]

1. e4 d5 2. exd5 Nf6 3. d4 Nxd5 4. Nf3 g6 5. c4 Nb6 6. h3 Bg7 7. Nc3 O-O 8. Be3
Nc6 9. Qd2 e5 10. d5 Na5 11. b3 f5 12. Bh6 e4 13. Bxg7 Kxg7 14. Nd4 c5 15. dxc6
Nxc6 16. Nxc6 Qxd2+ 17. Kxd2 bxc6 18. Be2 Re8 19. f4 Be6 20. Ke3 Red8 21. Rad1
a5 22. Rxd8 Rxd8 23. Rd1 Rxd1 24. Bxd1 c5 25. Nb5 a4 26. Nd6 Kf6 27. bxa4 Bxc4
28. a5 Nd5+ 29. Kf2 Ba6 30. Be2 Bxe2 31. Kxe2 Nxf4+ 32. Kd2 Nd5 33. a6 Ke5 34.
a7 Nb6 35. Nc8 Na8 36. a4 Kd5 37. a5 Kc6 38. Ke3 Kb7 39. Nd6+ Kxa7 40. g4 fxg4
41. hxg4 h5 42. gxh5 gxh5 43. Nxe4 Ka6 44. Nxc5+ 1/2-1/2

[Event "Ct. Catalunya eq. DH"]
[Site "?"]
[Date "2011.03.19"]
[Round "8.5"]
[White "Simon Padros, E."]
[Black "Vidarte Morales, A."]
[Result "1/2-1/2"]
[WhiteElo "2299"]
[BlackElo "2475"]
[PlyCount "76"]
[EventDate "2011.??.??"]
[EventType "team"]

1. e4 c5 2. Nf3 e6 3. c3 d5 4. e5 Nc6 5. d4 Bd7 6. a3 Rc8 7. b4 cxd4 8. cxd4
Qb6 9. Be3 Nh6 10. Bd3 Be7 11. O-O Nf5 12. Nbd2 Nxe3 13. fxe3 f5 14. exf6 gxf6
15. Kh1 O-O 16. Nb3 Nd8 17. Qe2 a6 18. Rac1 Rxc1 19. Rxc1 Bb5 20. e4 dxe4 21.
Qxe4 Bxd3 22. Qxd3 Qd6 23. Qe4 f5 24. Qe3 Qd5 25. Nc5 f4 26. Qe5 Rf5 27. Qxd5
Rxd5 28. Nxb7 Nxb7 29. Rc7 Bf6 30. Rxb7 Bxd4 31. Nxd4 Rxd4 32. Kg1 Rd1+ 33. Kf2
Ra1 34. Re7 Ra2+ 35. Kf3 Rxa3+ 36. Kxf4 Ra4 37. Rxe6 Rxb4+ 38. Kg5 Rb2 1/2-1/2

[Event "Ct. Catalunya eq. DH"]
[Site "?"]
[Date "2011.03.19"]
[Round "8.5"]
[White "Tebar Moreno, JC."]
[Black "Bergez, L."]
[Result "0-1"]
[WhiteElo "2271"]
[BlackElo "2411"]
[PlyCount "116"]
[EventDate "2011.??.??"]
[EventType "team"]

1. d4 Nf6 2. Nc3 d5 3. Bg5 Nbd7 4. f3 c5 5. dxc5 Qa5 6. Qd2 e6 7. a3 Bxc5 8.
Ne4 Qxd2+ 9. Nxd2 b6 10. Nb3 Be7 11. Bd2 Bb7 12. e3 Rc8 13. Rc1 Ne5 14. Nd4 O-O
15. Bb4 Bc5 16. Bxc5 bxc5 17. Nb5 Ba6 18. b3 Rb8 19. Nc3 Bxf1 20. Kxf1 d4 21.
Na4 Rfc8 22. exd4 cxd4 23. Ne2 d3 24. cxd3 Nxd3 25. Rxc8+ Rxc8 26. Nac3 Nd5 27.
Nxd5 exd5 28. g3 Kf8 29. Nd4 Rc3 30. Kg2 Nc5 31. b4 Ne6 32. Nb5 Rc2+ 33. Kh3 a6
34. Nd6 Rc6 35. Nb7 Rc3 36. Rd1 d4 37. a4 Ke7 38. Na5 Kd6 39. Rb1 d3 40. b5
axb5 41. axb5 d2 42. Rd1 Ng5+ 43. Kg2 Nxf3 44. Nc4+ Rxc4 45. Kxf3 Rd4 46. Ke3
Rd5 47. Ke4 Kc5 48. b6 f5+ 49. Ke3 Kxb6 50. Rxd2 Rxd2 51. Kxd2 Kc5 52. Ke3 g5
53. h4 gxh4 54. gxh4 Kd5 55. Kf4 Ke6 56. h5 Kf6 57. h6 Kg6 58. Ke5 Kg5 0-1

[Event "Ct. Catalunya eq. DH"]
[Site "?"]
[Date "2011.03.19"]
[Round "8.6"]
[White "Coll Ortega, J."]
[Black "Mellado Triviño, J."]
[Result "1/2-1/2"]
[WhiteElo "2283"]
[BlackElo "2422"]
[PlyCount "139"]
[EventDate "2011.??.??"]
[EventType "team"]

1. c4 Nf6 2. Nf3 g6 3. d4 Bg7 4. g3 d5 5. cxd5 Nxd5 6. Bg2 O-O 7. O-O Nb6 8.
Nc3 Nc6 9. e3 a5 10. Qe2 Be6 11. Rd1 Bc4 12. Qd2 a4 13. Rb1 Nb4 14. Nxa4 Rxa4
15. b3 Rxa2 16. Qxb4 Bd5 17. Ba3 Qd6 18. Ra1 Rxa1 19. Rxa1 Ra8 20. Qxd6 exd6
21. Nd2 f5 22. Nc4 Bxg2 23. Nxb6 Ra6 24. Kxg2 Rxb6 25. Rb1 Kf7 26. Rc1 c6 27.
Bxd6 Ke6 28. Bc5 Rxb3 29. Ra1 b6 30. Ra6 bxc5 31. Rxc6+ Kd7 32. Rxc5 Bf8 33.
Ra5 Bd6 34. Ra7+ Bc7 35. h4 Rb2 36. Ra6 Rb6 37. Ra8 Bb8 38. Kh3 h5 39. Kg2 Ke6
40. Ra5 Bd6 41. Kf3 Rb2 42. Ra6 Kd5 43. Ra5+ Kc4 44. Ra6 Kd5 45. Ra5+ Ke6 46.
Ra6 Rb3 47. Ra5 Ra3 48. Rb5 Kd7 49. Rb6 Ra2 50. Rb7+ Bc7 51. Rb3 Kd6 52. Rb5
Kc6 53. Rc5+ Kd7 54. Rd5+ Ke6 55. Rb5 Ba5 56. Rb1 Bc7 57. Rb5 Ra5 58. Rb2 Bd6
59. Rb7 Ra2 60. Rg7 Kf6 61. Rb7 Rc2 62. Ra7 Rc7 63. Ra6 Ke6 64. Ra5 Rb7 65. Ra6
Kd5 66. Ra5+ Kc6 67. Ra6+ Kd5 68. Ra5+ Ke6 69. Ra6 Rb2 70. Ra5 1/2-1/2

[Event "Ct. Catalunya eq. DH"]
[Site "?"]
[Date "2011.03.09"]
[Round "8.6"]
[White "Gomez Jurado, LA."]
[Black "Garzon Sanchez, JM."]
[Result "0-1"]
[WhiteElo "2392"]
[BlackElo "2255"]
[PlyCount "48"]
[EventDate "2011.??.??"]
[EventType "team"]

1. c4 g6 2. g3 Bg7 3. Bg2 Nf6 4. Nc3 O-O 5. e4 Nc6 6. d4 e5 7. d5 Nd4 8. Nge2
c5 9. O-O d6 10. h3 a6 11. a4 Rb8 12. a5 b5 13. axb6 Rxb6 14. Nxd4 exd4 15. Na4
Rb8 16. e5 dxe5 17. Nxc5 Qc7 18. Nd3 e4 19. Bf4 Qxc4 20. Bxb8 exd3 21. Bd6 Re8
22. Re1 Re2 23. Bf1 Qxd5 24. Be7 Bb7 0-1

[Event "Ct. Catalunya eq. DH"]
[Site "?"]
[Date "2011.03.19"]
[Round "8.6"]
[White "Hernando Rodrigo, JM."]
[Black "Ubach Miralda, M."]
[Result "0-1"]
[WhiteElo "2351"]
[BlackElo "2351"]
[PlyCount "44"]
[EventDate "2011.??.??"]
[EventType "team"]

1. d4 d5 2. c4 c6 3. Nc3 Nf6 4. cxd5 cxd5 5. Bf4 Nc6 6. e3 Bf5 7. Be2 e6 8. Nf3
Bd6 9. Ne5 h6 10. Qa4 O-O 11. g4 Bxe5 12. dxe5 Nxg4 13. Bxg4 Bxg4 14. Rg1 Qh4
15. h3 Qxh3 16. Kd2 d4 17. exd4 Nxd4 18. Rg3 Qh5 19. Rf1 Rfd8 20. Kc1 Rac8 21.
Re3 b5 22. Qb4 Qf5 0-1

[Event "Ct. Catalunya eq. DH"]
[Site "?"]
[Date "2011.03.19"]
[Round "8.7"]
[White "Duran Albareda, X."]
[Black "Garcia Cano, A."]
[Result "1/2-1/2"]
[WhiteElo "2320"]
[BlackElo "2358"]
[PlyCount "172"]
[EventDate "2011.??.??"]
[EventType "team"]

1. e4 e5 2. Nf3 d6 3. d4 exd4 4. Nxd4 g6 5. Nc3 Bg7 6. g3 Nf6 7. Bg2 O-O 8. O-O
Nc6 9. Nde2 Re8 10. h3 Rb8 11. Re1 b5 12. Nf4 b4 13. Ncd5 Nd7 14. Nd3 Nde5 15.
f4 Nc4 16. Ne3 Nxe3 17. Bxe3 a5 18. a3 bxa3 19. Rxa3 Bb7 20. c3 Ba8 21. Qa4 Qc8
22. Bf2 Qa6 23. Qc2 Qc4 24. Qd2 Rb3 25. Rxb3 Qxb3 26. Nc1 Qa4 27. Ne2 Rb8 28.
Nd4 Nxd4 29. cxd4 Rb4 30. e5 Bxg2 31. Kxg2 Qb5 32. Re2 Qd5+ 33. Kh2 h5 34. Qd3
Rb3 35. Qc2 h4 36. e6 Qf3 37. exf7+ Kh7 38. gxh4 Qxf4+ 39. Kg2 Qf3+ 40. Kg1
Qxf7 41. Qe4 Rf3 42. h5 Rxh3 43. hxg6+ Qxg6+ 44. Qxg6+ Kxg6 45. Re7 Rd3 46.
Rxc7 Bxd4 47. Bxd4 Rxd4 48. Ra7 a4 49. Kf2 Kf5 50. Ke3 Ke5 51. Ra5+ d5 52. Rb5
Rh4 53. Ra5 Rb4 54. Kd3 Rg4 55. Kc3 Rg3+ 56. Kc2 Rg2+ 57. Kc3 Rg4 58. Kd3 Rb4
59. Kc3 Rc4+ 60. Kd3 Kd6 61. Kd2 Kc6 62. Kd3 Rb4 63. Kc3 Rh4 64. Kd3 Kd6 65.
Kc3 Ke5 66. Kd3 Rh2 67. Kc3 Rh3+ 68. Kc2 Ke4 69. Rxa4+ d4 70. Ra8 Rh2+ 71. Kc1
Ke3 72. b4 Rh1+ 73. Kb2 d3 74. Re8+ Kd2 75. Kb3 Kc1 76. Rc8+ Kb1 77. Rd8 Rh3
78. Kc3 d2+ 79. Kxd2 Kb2 80. b5 Rb3 81. Rb8 Ka3 82. b6 Rb5 83. Kc3 Rc5+ 84. Kd4
Kb4 85. b7 Rb5 86. Ke4 Kb3 1/2-1/2

[Event "Ct. Catalunya eq. DH"]
[Site "?"]
[Date "2011.03.19"]
[Round "8.7"]
[White "Godesard Forga, C."]
[Black "Perez Mañas, B."]
[Result "0-1"]
[WhiteElo "2156"]
[BlackElo "2347"]
[PlyCount "88"]
[EventDate "2011.??.??"]
[EventType "team"]

1. Nf3 Nf6 2. d4 e6 3. Bg5 d5 4. e3 Nbd7 5. Bd3 Be7 6. Nbd2 O-O 7. Ne5 h6 8.
Bf4 c5 9. c3 Re8 10. g4 Nxe5 11. dxe5 Nd7 12. g5 Bxg5 13. Rg1 Bxf4 14. exf4 Qh4
15. Qf3 f5 16. O-O-O Nf8 17. Rg3 Qe7 18. Qh5 Kh8 19. Rdg1 Bd7 20. Nf3 Red8 21.
Ng5 Be8 22. Qh3 Bg6 23. Nf3 Bh7 24. Qg2 Rd7 25. Nd2 Rc8 26. Kb1 Rcc7 27. Bb5
Rd8 28. Qf1 a6 29. Ba4 Qh4 30. Qg2 Qe7 31. Qf3 b5 32. Bc2 c4 33. Qe3 Rb8 34.
Nf3 Qe8 35. Nd4 a5 36. Bd1 b4 37. Qd2 Re7 38. Qc2 Reb7 39. Qa4 bxc3 40. Qxe8
Rxb2+ 41. Kc1 Rxe8 42. Rxc3 Rxf2 43. Ra3 Rxf4 44. Ne2 Re4 0-1